Economic reforms and khadi and village industries in India - some issues (Record no. 65464)

000 -LEADER
fixed length control field 00897pab a2200181 454500
008 - FIXED-LENGTH DATA ELEMENTS--GENERAL INFORMATION
fixed length control field 180718b2005 xxu||||| |||| 00| 0 eng d
100 ## - MAIN ENTRY--PERSONAL NAME
Personal name Swamy, T.L.N.
245 ## - TITLE STATEMENT
Title Economic reforms and khadi and village industries in India - some issues
260 ## - PUBLICATION, DISTRIBUTION, ETC.
Date of publication, distribution, etc. 2005
300 ## - PHYSICAL DESCRIPTION
Extent p.145-50.
362 ## - DATES OF PUBLICATION AND/OR SEQUENTIAL DESIGNATION
Dates of publication and/or sequential designation Apr
520 ## - SUMMARY, ETC.
Summary, etc. This paper presents an analysis of growth, labour absorption and labour efficiency of Khadi and Village industries in the context of economic reforms in India. The results indicate that Khadi and Village industries have shown a declining trend in terms of growth, employment and labour efficiency during the post reforms period (1991.92-2001.02) compared to the pre reforms period (1980.81 to 90.91). - Reproduced.
650 ## - SUBJECT ADDED ENTRY--TOPICAL TERM
Topical term or geographic name entry element Rural industries - India
650 ## - SUBJECT ADDED ENTRY--TOPICAL TERM
Topical term or geographic name entry element Economic reform - India
650 ## - SUBJECT ADDED ENTRY--TOPICAL TERM
Topical term or geographic name entry element Economic reform
773 ## - HOST ITEM ENTRY
Main entry heading Asian Economic Review
909 ## -
-- 65464
Holdings
Withdrawn status Lost status Damaged status Not for loan Permanent Location Current Location Date acquired Serial Enumeration / chronology Barcode Date last seen Price effective from Koha item type
        Indian Institute of Public Administration Indian Institute of Public Administration 2018-07-19 Volume no: 47, Issue no: 1 AR65916 2018-07-19 2018-07-19 Articles

Powered by Koha